Word 7.0 para Windows 95

Bibliographic Details
Main Author: Tiznado Santana, Marco Antonio
Format: Section = Libro
Language:Undetermined
Spanish
Published: México McGraw-Hill 1996
Subjects:
LEADER 00498nam a2200181Ia 4500
008 240829s9999 xx 000 0 und d
020 |a 958-600-508-9 
040 |a BIBLIOTECA-RUSB/ Ref 001.6424 T625 
041 |a spa 
082 |a Ref 001.6424 T625 
100 1 |a Tiznado Santana, Marco Antonio 
245 1 0 |a Word 7.0 para Windows 95 
260 |a México  |b McGraw-Hill  |c 1996 
300 |a 304 p. :il. 
650 7 |a LENGUAJES DE PROGRAMACION Y CODIFICACION 
942 |c BK  |2 ddc 
991 |a TEXTO 
999 |c 5609